Dukī, tikkī, pañjī / (Record no. 91349)
[ view plain ]
| 000 -LEADER | |
|---|---|
| fixed length control field | 00550cam a2200205 a 4500 |
| 001 - CONTROL NUMBER | |
| control field | unk81060780 |
| 003 - CONTROL NUMBER IDENTIFIER | |
| control field | DLC |
| 005 - DATE AND TIME OF LATEST TRANSACTION | |
| control field | 20260227112759.0 |
| 008 - FIXED-LENGTH DATA ELEMENTS--GENERAL INFORMATION | |
| fixed length control field | 820504s1966 ii 000 1 pano |
| 010 ## - LIBRARY OF CONGRESS CONTROL NUMBER | |
| LC control number | unk81060780 |
| 040 ## - CATALOGING SOURCE | |
| Original cataloging agency | DLC |
| Transcribing agency | DLC |
| 042 ## - AUTHENTICATION CODE | |
| Authentication code | pcc |
| 050 00 - LIBRARY OF CONGRESS CALL NUMBER | |
| Classification number | PK2659.D222 |
| Item number | D85 1966 |
| 100 0# - MAIN ENTRY--PERSONAL NAME | |
| Personal name | Dalajīta Siṅgha, |
| Dates associated with a name | 1943- |
| 245 10 - TITLE STATEMENT | |
| Title | Dukī, tikkī, pañjī / |
| Statement of responsibility, etc. | Dalajīta Siṅgha. |
| 260 ## - PUBLICATION, DISTRIBUTION, ETC. | |
| Place of publication, distribution, etc. | Jalandhara : |
| Name of publisher, distributor, etc. | Pañjābī Pabalisharaza, |
| Date of publication, distribution, etc. | 1966. |
| 300 ## - PHYSICAL DESCRIPTION | |
| Extent | 132 p. ; |
| Other physical details | 19 cm. |
| 500 ## - GENERAL NOTE | |
| General note | Short stories. |
| 546 ## - LANGUAGE NOTE | |
| Language note | In Panjabi. |
No items available.